| 000 | 01090nam0a2200289 4500 | ||
|---|---|---|---|
| 001 | RU\NLR\bibl\450525 | ||
| 005 | 20250623181509.0 | ||
| 021 |
_aRU _b2003-50668 _92449 |
||
| 035 | _a(NLR Aleph) 000444161 | ||
| 090 |
_a832877 _c832877 |
||
| 100 | _a20031023d2003 |||y0rusy50 ca | ||
| 101 | 0 |
_arus _abua |
|
| 102 | _aRU | ||
| 105 | _aa ||||||||| | ||
| 200 | 1 |
_aХилок наш бурливый _eРоман _fБарадий Мунгонов |
|
| 210 |
_aУлан-Удэ _cБуряад Yнэн _d2003 |
||
| 215 |
_a316, [2] с. _cил., портр. _d21 |
||
| 327 | 1 | _aВ кн. также: От родных степей на тропу войны (Из фронтовых очерков); Статьи о Б. Мунгонове на рус. и бурят. яз. | |
| 686 | _aШ6(2=Бу)-4{Лх-бурят 240-45} | ||
| 700 | 1 |
_aМунгонов _bБ. М. _f1922-1989 _gБарадий Мункуевич _4070 |
|
| 801 | 0 |
_aRU _bNLR _c20031023 _gPSBO |
|
| 801 | 1 |
_aRU _bNLR _c20031023 |
|
| 942 | _cBOOK | ||
| 980 | _aNB | ||
| 980 | _aNBR | ||